00463nmm a2200169Ia 4500008004100000020001800041041000800059100001400067245002500081264005000106300001800156490001400174650002900188856005200217942000700269999001700276251105s9999||||xx |||||||||||||||||und|| a9791222411453 aeng aOwl, Grey 0aPilgrims of the Wild a[Quito, Ecuador] :bCervantes Digital, c2023 a272 páginas aNarrativa aNorth American narrative uhttps://public.digitaliapublishing.com/a/127879 cCF c98188d98188